Quantos mundiais de clubes cada país tem? - Statistics

Estatísticas Gerais
  • Esse quiz foi jogado 98 vezes
  • A pontuação média é 9 de 11
Estatísticas das Respostas
Hint Resposta % Correto
11 Títulos Brasil
100%
12 Títulos Espanha
100%
9 Títulos Argentina
98%
5 Títulos Inglaterra
95%
9 Títulos Itália
95%
5 Títulos Alemanha
92%
6 Títulos Uruguai
92%
2 Títulos Portugal
88%
3 Títulos Holanda
74%
1 Título Sérvia
56%
1 Título Paraguai
52%
Nenhum quiz correspondente encontrado
Distribuição das Pontuações
Porcentagem de Pessoas com Cada Pontuação
Percentil de Números Respondidos
Sua Pontuação Histórica
Você não jogou esse quiz